International Property 2001 : tan tallest buildings in the world

Bibliographic Details
Format: Book
Published: Kuala Lumpur : Williams Talhar&Wong , 2001
Subjects:

MARC

LEADER 00000cam a2200000 7i4500
001 0000017981
005 20061204.0
040 |a INS 
090 0 0 |a HD1375 2001 
245 0 0 |a International Property 2001 :   |b tan tallest buildings in the world 
260 |a Kuala Lumpur :   |b Williams Talhar&Wong ,   |c 2001 
300 |a 1video disc (VCD) :   |b sd.,col. ;   |c 12 cm. 
650 0 0 |a Real property   |x Congresses 
999 |a VCD0000043   |b DIGITAL VIDEO CD   |c Media Collection   |e Default branch